[Event "Paracin op-A 15th"]
[Site "Paracin"]
[Date "2022.07.11"]
[Round "4"]
[White "Aditya, Varun Gampa"]
[Black "Prokhorov, Ivan"]
[Result "1/2-1/2"]
[WhiteElo "1980"]
[BlackElo "2162"]
[PlyCount "55"]
[EventDate "2022.07.08"]
[EventType "swiss"]
[EventRounds "9"]
[EventCountry "SRB"]
[SourceTitle "CBM 209 Extra"]
[Source "ChessBase"]
[SourceDate "2022.09.30"]
[SourceVersion "1"]
[SourceVersionDate "2022.09.30"]
[SourceQuality "1"]

1. e4 e5 2. Nc3 Nf6 3. Bc4 Nxe4 4. Qh5 Nd6 5. Qxe5+ Qe7 6. Qxe7+ Bxe7 7. Bb3 Nf5 8. Nf3 c6 9. 0-0 d5 10. Re1 f6 11. h4 Na6 12. d4 Kd8 13. Ne2 Nc7 14. Bf4 Re8 15. c3 Bd6 16. Bxd6 Nxd6 17. Ng3 Ne6 18. Bc2 g6 19. h5 Nf4 20. hxg6 hxg6 21. Nh4 f5 22. Rxe8+ Kxe8 23. Re1+ Kf7 24. Ne2 Nxe2+ 25. Rxe2 Kf6 26. f4 Ne4 27. Nf3 Be6 28. Ne5 1/2-1/2

[Event "Paracin op-A 15th"]
[Site "Paracin"]
[Date "2022.07.09"]
[Round "3"]
[White "Prokhorov, Ivan"]
[Black "Anuj, Shrivatri"]
[Result "0-1"]
[WhiteElo "2162"]
[BlackElo "2383"]
[PlyCount "72"]
[EventDate "2022.07.08"]
[EventType "swiss"]
[EventRounds "9"]
[EventCountry "SRB"]
[SourceTitle "EXT 2023"]
[Source "ChessBase"]
[SourceDate "2022.10.05"]
[SourceVersion "1"]
[SourceVersionDate "2022.10.05"]
[SourceQuality "1"]

1. d4 Nf6 2. Nf3 g6 3. g3 Bg7 4. Bg2 c5 5. c4 cxd4 6. Nxd4 h5 7. h4 0-0 8. 0-0 Nc6 9. Nc3 Ng4 10. e3 d6 11. b3 Nge5 12. Nxc6 bxc6 13. Bb2 Bg4 14. Qc2 Nf3+ 15. Bxf3 Bxf3 16. Ne2 e5 17. Kh2 d5 18. Ng1 Be4 19. Qc3 d4 20. exd4 exd4 21. Qd2 c5 22. Nh3 Qd7 23. f4 Rfe8 24. Rae1 Bf5 25. Nf2 Qc6 26. Nd3 Bxd3 27. Qxd3 f5 28. Bc1 Re4 29. Bd2 Rae8 30. Kg1 R8e6 31. Kf2 Kf7 32. Rg1 Re3 33. Bxe3 dxe3+ 34. Ke2 Rd6 35. Qb1 Rd2+ 36. Kxe3 Rb2 0-1

[Event "Paracin op-A 15th"]
[Site "Paracin"]
[Date "2022.07.08"]
[Round "1"]
[White "Prokhorov, Ivan"]
[Black "Agmanov, Zhandos"]
[Result "0-1"]
[WhiteElo "2162"]
[BlackElo "2459"]
[PlyCount "120"]
[EventDate "2022.07.08"]
[EventType "swiss"]
[EventRounds "9"]
[EventCountry "SRB"]
[SourceTitle "CBM 209 Extra"]
[Source "ChessBase"]
[SourceDate "2022.09.30"]
[SourceVersion "1"]
[SourceVersionDate "2022.09.30"]
[SourceQuality "1"]

1. d4 d5 2. Nf3 Nf6 3. c4 e6 4. g3 Bb4+ 5. Bd2 Be7 6. Bg2 c6 7. Qc2 Nbd7 8. 0-0 b6 9. Bf4 Bb7 10. Nbd2 Nh5 11. cxd5 exd5 12. Ne5 Nxe5 13. Bxe5 0-0 14. Bf3 Nf6 15. Bf4 Rc8 16. Rfd1 Qd7 17. Nf1 Rfe8 18. Ne3 Bf8 19. Bg5 Qe6 20. Qf5 Qxf5 21. Nxf5 Ne4 22. Bf4 g6 23. Nh6+ Kg7 24. Ng4 h5 25. Bxe4 hxg4 26. Bd3 Be7 27. Be5+ Kg8 28. Rac1 c5 29. Bb5 Red8 30. dxc5 bxc5 31. e3 f6 32. Bc3 Kf7 33. Be2 f5 34. Bf1 d4 35. Bc4+ Kf8 36. Ba5 Rd6 37. Be2 Ba6 38. Bxa6 Rxa6 39. b4 dxe3 40. fxe3 Re8 41. Rc4 cxb4 42. Bxb4 Bxb4 43. Rxb4 Rxa2 44. Rd7 Rxe3 45. Rb8+ Re8 46. Rxe8+ Kxe8 47. Rg7 Ra6 48. Kf2 Kf8 49. Rc7 Ra3 50. Ke2 a5 51. Ra7 g5 52. Rh7 f4 53. Rh5 f3+ 54. Kf1 Ra1+ 55. Kf2 Ra2+ 56. Kf1 a4 57. Rxg5 a3 58. Rxg4 Rxh2 59. Ra4 a2 60. Kg1 Rb2 0-1